00561nam a2200157 a 450000100100000000500170001000800410002704000250006808200160009324500840010926000490019330000210024204900090026395201140027299900170038600003037120200930062258.0110511s1985 cr 000 0 spa d aDO-SdBNPbspacBNPHU axxxxbR426d00aRepública Dominicana :bestimaciones y proyecciones de población 1950-2025. aSan José, Costa Rica :bTexto LTDA,c1985. a165 p. ;c27 cm. aBNPD 001050718MOaPDbPDcCTd2011-05-11iLF1l0oxxxx R426dp30371-10r2020-06-25w2020-06-25y1ZNo se presta c29863d29863